| 000 | 005960000a22002050004500 | ||
|---|---|---|---|
| 003 | LK-CoMWRAF | ||
| 005 | 20231130132101.0 | ||
| 008 | 230817t2004 ||||| |||| 00| 0 eng d | ||
| 020 | _a9559748319 | ||
| 040 |
_aLK-CoMWRAF _dLK-CoMWRAF _eLK-CoMWRAF |
||
| 041 | _aeng | ||
| 082 |
_a929 _bHER |
||
| 100 | _aHerath, Mervyn, H. M. | ||
| 245 | _aThe National Flag and the National Anthem of sri Lanka | ||
| 260 |
_aColombo: _bAuthor, _c2004 |
||
| 300 | _aiv.44 p. : ill. (some col.) ; 21 cm. | ||
| 650 | _a Flags--Sri Lanka--History | ||
| 650 | _aNational songs--Sri Lanka--History | ||
| 942 | _cBK | ||
| 999 |
_c2107 _d2107 |
||